| 000 | 00628 a2200205 4500 | ||
|---|---|---|---|
| 001 | 61918 | ||
| 005 | 20260407155911.0 | ||
| 008 | 260407a1985 arg spa d | ||
| 003 | AR-UNSa-BCEJYS | ||
| 040 |
_aAR-UNSa-BCEJYS _bspa _cAR-UNSa-BCEJYS |
||
| 080 |
_a336.71 _xBancos. Sistema bancario |
||
| 245 | 1 | 0 | _aCompendio jurídico, técnico y práctico de la actividad bancaria |
| 020 | _a978-950-14-0281-0 | ||
| 264 | 1 |
_aBuenos Aires : _bEdiciones Depalma _c1985 |
|
| 300 |
_a2 v. (735 ; 635 p.) _c23 cm. |
||
| 041 | _aspa | ||
| 942 | _cBK | ||
| 590 | _aniveau_biblio:m niveau_hierar:0 | ||
| 100 | 1 | _aVillegas, Carlos Gilberto | |
| 999 |
_c7487 _d7487 |
||